| 000 | 01123nam a2200313Ia 4500 | ||
|---|---|---|---|
| 003 | OSt | ||
| 005 | 20221006160207.0 | ||
| 006 | a|||||r|||| 00| 0 | ||
| 007 | ta | ||
| 008 | 221006b |||||||| |||| 00| 0 eng d | ||
| 020 |
_a9781931368209 _c1911.00 |
||
| 024 | _a44,575 | ||
| 037 |
_bGift, Korean Embassy _cTextual |
||
| 040 |
_aEASL _cEASL _beng |
||
| 041 |
_2eng _aeng |
||
| 082 | _aY130bX:958.4, Q0 | ||
| 100 |
_aEggleston Karen Ed. _9672331 |
||
| 245 | 0 |
_aAging Asia _b The Economics and social implications of rapid demographic change in China, Japan, and South Korea |
|
| 260 |
_aStanford _bShorenstein APARC _c2010 |
||
| 300 |
_a360p. _ccm. |
||
| 490 | _v Oth | ||
| 650 |
_a Asia - Health care _9672332 |
||
| 650 |
_a Asia - Social insurance program sustainability _9672333 |
||
| 650 | _a Gen | ||
| 650 |
_aAsia - Demographic change - Intergenerational transfers and economic growth _9672334 |
||
| 700 |
_a Tuljapurkar Shripad Ed. _9672335 |
||
| 942 |
_hY130bX:958.4, Q0 _cTEXL _2CC |
||
| 999 |
_c1112667 _d1112667 |
||